000 00335 a2200157 4500
001 190581
020 _a0-521-00697-X
040 _cMagnum
100 _aBrown, Richard
240 1 0 _aA float in a boat
_lING
245 1 0 _aA float in a boat
300 _a8
362 0 _a2001
697 _aLITERATURA INFANTIL INGLESA
942 _cBK
999 _c190581
_d190581